| 000 -LEADER |
| fixed length control field |
01718nam a2200289 a 4500 |
| 001 - CONTROL NUMBER |
| control field |
ASIN9004144404 |
| 005 - DATE AND TIME OF LATEST TRANSACTION |
| control field |
20170105102903.0 |
| 008 - FIXED-LENGTH DATA ELEMENTS--GENERAL INFORMATION |
| fixed length control field |
131021s2005 xxu eng d |
| 020 ## - INTERNATIONAL STANDARD BOOK NUMBER |
| International Standard Book Number |
9004144404 (hardcover) |
| Terms of availability |
$177.00 |
| 020 ## - INTERNATIONAL STANDARD BOOK NUMBER |
| International Standard Book Number |
9789004144408 (hardcover) |
| 040 ## - CATALOGING SOURCE |
| Original cataloging agency |
0 |
| 050 04 - LIBRARY OF CONGRESS CALL NUMBER |
| Classification number |
N7321 |
| 082 04 - DEWEY DECIMAL CLASSIFICATION NUMBER |
| Classification number |
709.59309021 |
| 100 1# - MAIN ENTRY--PERSONAL NAME |
| Personal name |
Woodward, Hiram. |
| 245 14 - TITLE STATEMENT |
| Title |
The art and architecture of thailand : |
| Remainder of title |
from prehistoric times through the thirteenth century / |
| Statement of responsibility, etc. |
Hiram Woodward. |
| 250 ## - EDITION STATEMENT |
| Edition statement |
2nd ed. |
| 260 ## - PUBLICATION, DISTRIBUTION, ETC. |
| Place of publication, distribution, etc. |
[S.l.] : |
| Name of publisher, distributor, etc. |
Brill Academic Publishers, |
| Date of publication, distribution, etc. |
2005. |
| 300 ## - PHYSICAL DESCRIPTION |
| Extent |
297 p. ; |
| Dimensions |
25 cm. |
| 490 1# - SERIES STATEMENT |
| Series statement |
Handbook of oriental studies. section 3 southeast asia. |
| 520 ## - SUMMARY, ETC. |
| Summary, etc. |
Written sources on Thai history are scarce. It took Hiram Woodward many years of painstaking archaeological and art-historical research to finally piece together this first ever comprehensive survey work on the art and architecture of Thailand from the earliest times until the establishment of the Thai-speaking kingdoms. The book, organized geographically and chronologically, covers four eras: the prehistoric period; the period characterized by the culture of the kingdom of Dvaravati; the centuries of Khmer dominance; and, as classical Khmer civilization waned, the period of the struggle for identity. A systematic and elucidating history of pre-fourteenth-century Thailand in a volume indispensable to historians of art, religion, politics, and society. |
| 650 #0 - SUBJECT ADDED ENTRY--TOPICAL TERM |
| Topical term or geographic name entry element |
Architecture |
| 650 #0 - SUBJECT ADDED ENTRY--TOPICAL TERM |
| Topical term or geographic name entry element |
Art, Thai |
| 650 #0 - SUBJECT ADDED ENTRY--TOPICAL TERM |
| Topical term or geographic name entry element |
Thailand |
| 830 #0 - SERIES ADDED ENTRY--UNIFORM TITLE |
| Uniform title |
Handbook of oriental studies. section 3 southeast asia. |
| 856 40 - ELECTRONIC LOCATION AND ACCESS |
| Materials specified |
Amazon.com |
| Uniform Resource Identifier |
<a href="http://www.amazon.com/exec/obidos/ASIN/9004144404/chopaconline-20">http://www.amazon.com/exec/obidos/ASIN/9004144404/chopaconline-20</a> |
| 942 ## - ADDED ENTRY ELEMENTS (KOHA) |
| Source of classification or shelving scheme |
|
| Koha item type |
Book |